| 000 | 00878nam a22002777a 4500 | ||
|---|---|---|---|
| 001 | BR8703151 | ||
| 003 | BR-BrBNA | ||
| 005 | 20230928092556.0 | ||
| 007 | ta | ||
| 008 | 230509b bl.||||| |||| 00| 0 por d | ||
| 040 |
_aBR-BrBNA _bpor _cBiblioteca Nacional de Agricultura |
||
| 041 | _a(Por) | ||
| 072 |
_aQ55; E21 _b8957 |
||
| 090 | _ 8957 BR8703151 | ||
| 100 | 1 | _aMonteiro, A.S. | |
| 110 | 1 |
_aInstituto de Desenvolvimento Industrial de Minas Gerais, Belo Horizonte (Brasil) _96016 |
|
| 245 | 1 |
_aFabrica de farinha de osso; pre-viabilidade _bINDI/SAI/007/VP/-/03/85 |
|
| 260 | 3 |
_aBelo Horizonte, MG (Brasil): _c1985. |
|
| 300 | _a21 p. | ||
| 500 | _a(*) Documento disponível no(a) INDI, Belo Horizonte, MG (Brazil) | ||
| 650 | _aFARINHA DE OSSO | ||
| 650 | _aPLANEJAMENTO INDUSTRIAL | ||
| 650 | _aFABRICA | ||
| 909 |
_a202309 _bLucia _c55 _dLucia Elande |
||
| 942 | _cBK | ||
| 999 |
_c39916 _d39916 |
||